Bioplyn je stále v kurze, aj na Slovensku
Výroba energie z bioplynu a situácia so spracovaním komunálneho odpadu na Slovensku. Trh s obnoviteľnými zdrojmi energie a využitie bioplynových staníc na Slovensku.
Na minha lista:
| Autor principal: | |
|---|---|
| Formato: | Capítulo de Livro |
| Idioma: | eslovaco |
| Assuntos: | |
| Tags: |
Sem tags, seja o primeiro a adicionar uma tag!
|
MARC
| LEADER | 00000naa a2200000 4500 | ||
|---|---|---|---|
| 001 | 0192711 | ||
| 005 | 20231005103715.9 | ||
| 041 | 0 | |a slo | |
| 044 | |a SK | ||
| 245 | 1 | 0 | |a Bioplyn je stále v kurze, aj na Slovensku |c Marian Hudec |
| 520 | |a Výroba energie z bioplynu a situácia so spracovaním komunálneho odpadu na Slovensku. Trh s obnoviteľnými zdrojmi energie a využitie bioplynových staníc na Slovensku. | ||
| 610 | 2 | 0 | |a zdroje energie obnoviteľné |
| 610 | 2 | 0 | |a bioplyn |
| 610 | 2 | 0 | |a palivá |
| 610 | 2 | 0 | |a trh energetický |
| 610 | 2 | 0 | |a výroba energie |
| 610 | 2 | 0 | |a využitie energie |
| 610 | 2 | 0 | |a úspory energie |
| 100 | 1 | |a Hudec, Marian | |